000 00937nam a2200265Ia 4500
003 OSt
005 20221005110643.0
006 a|||||r|||| 00| 0
007 ta
008 221004b |||||||| |||| 00| 0 hin d
020 _a9788126727018 (hbk)
_c300
024 _a24412
037 _b7328, 07/01/2016, Rajkamal Prakashan Pvt. Ltd.
_cTextual
040 _aCRL
_cCRL
_bhin
041 _2hin
_ahin
082 _aO168,3N12,AA, 152Q4
100 _aचुग़ताई, इस्मत
245 0 _aअजीब आदमी
246 _aAjīb ādamī
260 _aनई दिल्ली
_bराजकमल प्रकाशन भारत
_c2014
300 _a167पृ0
_ccm.
650 _aउर्दू साहित्य
942 _hO168,3N12,AA, 152Q4
_cTEXL
_2cc
999 _c1019482
_d1019482